La Represión del delito y su funcionalidad con el paradigma económico, político y social /

Kaydedildi:
Detaylı Bibliyografya
Yazar: Esber, Horacio
Materyal Türü: Metin
Konular:
Etiketler: Etiketle
Etiket eklenmemiş, İlk siz ekleyin!

MARC

LEADER 00000 a a2200000 04500
001 16384
003
040
100 |a Esber, Horacio  
245 |a La Represión del delito y su funcionalidad con el paradigma económico, político y social /  |c Horacio Esber 
650 |a DELITOS  
650 |a REPRESION  
650 |a SEGURIDAD SOCIAL  
650 |a CAPITALISMO  
650 |a ASPECTOS ECONOMICOS  
650 |a CONSECUENCIAS SOCIALES  
650 |a PROBLEMAS SOCIALES  
650 |a DESIGUALDAD SOCIAL  
650 |a GRUPOS VULNERABLES  
650 |a DERECHOS HUMANOS  
773 |g número 38; páginas 251-288  
999 |c 21724  |d 21724